| 000 | 00889cam a2200229 i 4500 | ||
|---|---|---|---|
| 003 | SA-RiAUC | ||
| 005 | 20260217144231.0 | ||
| 008 | 260212s1927 sy g 00000 ara c | ||
| 040 |
_aSA-RiAUC _bara _cSA-RiAUC _erda |
||
| 082 | 0 | 4 | _a252.22 |
| 090 |
_aم ن 252.22 _bع ي و |
||
| 100 | 1 |
_aعيون السود، عبد الغفار بن عبد الغني، _d1290-1349 هجري _eمؤلف. |
|
| 245 | 1 | 0 |
_aدفع الأوهام عن مسألة القراءة خلف الإمام / _cعبد الغفار عيون السود. |
| 264 | 1 |
_aحمص، سوريا : _bمكتبة حمص، _c1927 |
|
| 300 |
_a31 صفحة ؛ _c29 سم |
||
| 336 |
_aنص _btxt _2rdacontent _3كتاب |
||
| 337 |
_aبدون وسيط _bn _2rdamedia |
||
| 338 |
_aمجلد _bnc _2rdacarrier |
||
| 650 | 7 |
_aصلاة الجماعة _2aucsh |
|
| 942 |
_2ddc _cRBOOK COPY _n0 |
||
| 949 |
_aSA-JeALM _d260212 _umohamedma123 _n1 |
||
| 999 |
_c14381 _d14381 |
||